• 首页
  • 本馆介绍
  • 公告通知
  • 最新文献
  • 馆藏检索
  • 电子资源
  • 读者导购
  • 参考咨询
  • 我的图书馆
  • 登录
  • 详细信息显示
  • 放入我的书架
  • 预约/预借图书
  • 作者相关作品
  • 分类相关作品
  • 丛书相关作品
  • 出版社相关作品

书目信息

  • 表格格式
  • 工作单格式
  • 卡片格式
题名:
人际交往的117种能力
    
 
作者: 行佳 编著
分册:  
出版信息: 北京   时事出版社  2006
页数: 252页
开本: 23cm
丛书名:
单 册:
中图分类: C912.1
科图分类:
主题词: 人间交往--通俗读物
电子资源:
ISBN: 7-80009-959-8
000 00854nam0 2200229 450
001 012006016268
005 20061225142208.79
010    @a7-80009-959-8@dCNY26.80
100    @a20060304d2006 em y0chiy0110 ea
101 0  @achi
102    @aCN@b110000
105    @aa z 000yy
200 1  @a人际交往的117种能力@9ren ji jiao wang de 117 zhong neng li@e迅速提高人际交往能力的最佳方法@f行佳编著
210    @a北京@c时事出版社@d2006
215    @a252页@c图@d23cm
330    @a本书介绍了迅速提高人际交往能力的117种能力,包括:塑造形象聚人气、彬彬有礼、学会自我介绍、经常面带微笑、幽默且不失分寸等。
517 1  @a迅速提高人际交往能力的最佳方法@9xun su ti gao ren ji jiao wang neng li de zui jia fang fa
606 0  @a人间交往@j通俗读物
690    @aC912.1@v4
701  0 @a行佳@9xing jia@4编著
801  0 @aCN@bRENTIAN@c20061225
905    @a10447@dC912.1@e412
    
    人际交往的117种能力:迅速提高人际交往能力的最佳方法/行佳编著.-北京:时事出版社,2006
    252页:图;23cm
    
    
    ISBN 7-80009-959-8:CNY26.80
    本书介绍了迅速提高人际交往能力的117种能力,包括:塑造形象聚人气、彬彬有礼、学会自我介绍、经常面带微笑、幽默且不失分寸等。
●
相关链接 在E读中查询图书 在五车中查询图书 在当当中查询图书 在豆瓣中查询图书


正题名:人际交往的117种能力     索取号:C912.1/412         预约/预借

序号 登录号 条形码 馆藏地/架位号 状态 备注
1 0389662   203896622   第一样本阅览室/ [索取号:C912.1/412] 在馆    
2 0389663   203896631   教育系资料室/ [索取号:C912.1/412] 在馆    
3 0389664   203896640   教育系资料室/ [索取号:C912.1/412] 在馆    
4 0389665   203896659   第一借阅区/ [索取号:C912.1/412] 在馆    
5 0389666   203896668   教育系资料室/ [索取号:C912.1/412] 在馆    
6 0614119   206141192   第一借阅区/ [索取号:C912.1/412] 在馆    
7 0614120   206141209   教育系资料室/ [索取号:C912.1/412] 在馆    
8 0614121   206141218   第一借阅区/ [索取号:C912.1/412] 在馆    
9 0614122   206141227   第一借阅区/ [索取号:C912.1/412] 在馆    
10 0614124   206141245   教育系资料室/ [索取号:C912.1/412] 在馆    
唐山师范学院图书馆 欢迎您!
大连网信软件有限公司© 版权所有